<?xml version="1.0" encoding="UTF-8"?>
<record
    xmlns:xsi="http://www.w3.org/2001/XMLSchema-instance"
    xsi:schemaLocation="http://www.loc.gov/MARC21/slim http://www.loc.gov/standards/marcxml/schema/MARC21slim.xsd"
    xmlns="http://www.loc.gov/MARC21/slim">

  <leader>01582nam a22001817a 4500</leader>
  <controlfield tag="008">190808b        xxu||||| |||| 00| 0 eng d</controlfield>
  <datafield tag="020" ind1=" " ind2=" ">
    <subfield code="a">9781118347614</subfield>
  </datafield>
  <datafield tag="050" ind1=" " ind2=" ">
    <subfield code="a">HJ2305.F45</subfield>
  </datafield>
  <datafield tag="100" ind1=" " ind2=" ">
    <subfield code="a">Feinschreiber, Robert.</subfield>
  </datafield>
  <datafield tag="245" ind1=" " ind2=" ">
    <subfield code="a">Transfer pricing handbook: guidance on the OECD regulations. /</subfield>
    <subfield code="c">Robert Feinschreiber and Margaret Kent.</subfield>
  </datafield>
  <datafield tag="260" ind1=" " ind2=" ">
    <subfield code="a">Hoboken :</subfield>
    <subfield code="b">John Wiley and Sons Inc.,</subfield>
    <subfield code="c">2012.</subfield>
  </datafield>
  <datafield tag="300" ind1=" " ind2=" ">
    <subfield code="a">xviii, 429 p. :</subfield>
    <subfield code="b">ill. ;</subfield>
    <subfield code="c">26 cm.</subfield>
  </datafield>
  <datafield tag="500" ind1=" " ind2=" ">
    <subfield code="a">Includes index.</subfield>
  </datafield>
  <datafield tag="505" ind1=" " ind2=" ">
    <subfield code="a">Contents:  Basic transfer pricing standards: Introduction -- Arm's length principle -- Arm;s length range -- Safe harbor simplification -- Modifying safe harbor simplification -- Global formulary apportionment -- Transfer pricing methodologies --  Profit Split illustrations -- Residual profit split examples -- Transactional net margin method --Selecting profit indicators -- Selecting transfer pricing methods -- Comparability analysis -- How comparability analysis works -- Comparability techniques --Timing and comparability -- Administrative approach -- Transfer pricing audits -- Monitoring and guidelines -- Advanced OECD analysis -- Documentation requirements --Intangible property -- Service arrangements -- Cost contribution arrangements -- Business restructuring -- Putting the guidelines to work -- Malaysia- Singapore allocation keys -- China-Taiwan trade -- Reverse engineering the transfer pricing process -- Connecting transfer pricing and permanent establishment -- Permanent establishment.</subfield>
  </datafield>
  <datafield tag="700" ind1=" " ind2=" ">
    <subfield code="a">Feinschreiber , Robert</subfield>
  </datafield>
  <datafield tag="700" ind1=" " ind2=" ">
    <subfield code="a">Kent , Margaret</subfield>
  </datafield>
  <datafield tag="942" ind1=" " ind2=" ">
    <subfield code="2">lcc</subfield>
    <subfield code="c">BK</subfield>
  </datafield>
  <datafield tag="999" ind1=" " ind2=" ">
    <subfield code="c">6895</subfield>
    <subfield code="d">14395</subfield>
  </datafield>
  <datafield tag="952" ind1=" " ind2=" ">
    <subfield code="0">0</subfield>
    <subfield code="1">0</subfield>
    <subfield code="2">lcc</subfield>
    <subfield code="4">0</subfield>
    <subfield code="7">0</subfield>
    <subfield code="a">WIUC-1</subfield>
    <subfield code="b">WIUC-1</subfield>
    <subfield code="c">REF</subfield>
    <subfield code="d">2019-08-08</subfield>
    <subfield code="l">0</subfield>
    <subfield code="o">HJ2305.F451</subfield>
    <subfield code="p">8426/020/19</subfield>
    <subfield code="r">2019-08-08 00:00:00</subfield>
    <subfield code="t">2</subfield>
    <subfield code="w">2019-08-08</subfield>
    <subfield code="y">BK</subfield>
  </datafield>
  <datafield tag="952" ind1=" " ind2=" ">
    <subfield code="0">0</subfield>
    <subfield code="1">0</subfield>
    <subfield code="2">lcc</subfield>
    <subfield code="4">0</subfield>
    <subfield code="7">0</subfield>
    <subfield code="a">WIUC-1</subfield>
    <subfield code="b">WIUC-1</subfield>
    <subfield code="c">REF</subfield>
    <subfield code="d">2019-08-08</subfield>
    <subfield code="l">0</subfield>
    <subfield code="o">HJ2305.F452</subfield>
    <subfield code="p">8427/021/19</subfield>
    <subfield code="r">2019-08-08 00:00:00</subfield>
    <subfield code="t">3</subfield>
    <subfield code="w">2019-08-08</subfield>
    <subfield code="y">BK</subfield>
  </datafield>
  <datafield tag="952" ind1=" " ind2=" ">
    <subfield code="0">0</subfield>
    <subfield code="1">0</subfield>
    <subfield code="2">lcc</subfield>
    <subfield code="4">0</subfield>
    <subfield code="7">0</subfield>
    <subfield code="a">WIUC-1</subfield>
    <subfield code="b">WIUC-1</subfield>
    <subfield code="c">CC</subfield>
    <subfield code="d">2019-08-08</subfield>
    <subfield code="l">0</subfield>
    <subfield code="o">HJ2305.F45</subfield>
    <subfield code="p">906/024/19</subfield>
    <subfield code="r">2019-08-08 00:00:00</subfield>
    <subfield code="t">1</subfield>
    <subfield code="w">2019-08-08</subfield>
    <subfield code="y">BK</subfield>
  </datafield>
  <datafield tag="952" ind1=" " ind2=" ">
    <subfield code="0">0</subfield>
    <subfield code="1">0</subfield>
    <subfield code="2">lcc</subfield>
    <subfield code="4">0</subfield>
    <subfield code="7">0</subfield>
    <subfield code="a">WIUC-KL</subfield>
    <subfield code="b">WIUC-KL</subfield>
    <subfield code="c">GEN</subfield>
    <subfield code="d">2019-10-23</subfield>
    <subfield code="l">0</subfield>
    <subfield code="o">HJ2305.F45</subfield>
    <subfield code="p">K/307/307/19</subfield>
    <subfield code="r">2021-12-21 00:00:00</subfield>
    <subfield code="t">1</subfield>
    <subfield code="w">2019-08-08</subfield>
    <subfield code="y">BK</subfield>
  </datafield>
  <datafield tag="952" ind1=" " ind2=" ">
    <subfield code="0">0</subfield>
    <subfield code="1">0</subfield>
    <subfield code="2">lcc</subfield>
    <subfield code="4">0</subfield>
    <subfield code="7">0</subfield>
    <subfield code="a">WIUC-KL</subfield>
    <subfield code="b">WIUC-KL</subfield>
    <subfield code="c">GEN</subfield>
    <subfield code="d">2019-10-23</subfield>
    <subfield code="l">0</subfield>
    <subfield code="o">HJ2305.F451</subfield>
    <subfield code="p">K/308/308/19</subfield>
    <subfield code="r">2021-12-21 00:00:00</subfield>
    <subfield code="t">2</subfield>
    <subfield code="w">2019-08-08</subfield>
    <subfield code="y">BK</subfield>
  </datafield>
  <datafield tag="952" ind1=" " ind2=" ">
    <subfield code="0">0</subfield>
    <subfield code="1">0</subfield>
    <subfield code="2">lcc</subfield>
    <subfield code="4">0</subfield>
    <subfield code="7">0</subfield>
    <subfield code="a">WIUC-KL</subfield>
    <subfield code="b">WIUC-KL</subfield>
    <subfield code="c">GEN</subfield>
    <subfield code="d">2019-10-23</subfield>
    <subfield code="l">0</subfield>
    <subfield code="o">HJ2305.F452</subfield>
    <subfield code="p">K/309/309/19</subfield>
    <subfield code="r">2021-12-21 00:00:00</subfield>
    <subfield code="t">3</subfield>
    <subfield code="w">2019-08-08</subfield>
    <subfield code="y">BK</subfield>
  </datafield>
  <datafield tag="952" ind1=" " ind2=" ">
    <subfield code="0">0</subfield>
    <subfield code="1">0</subfield>
    <subfield code="2">lcc</subfield>
    <subfield code="4">0</subfield>
    <subfield code="7">0</subfield>
    <subfield code="a">WIUC-KL</subfield>
    <subfield code="b">WIUC-KL</subfield>
    <subfield code="c">GEN</subfield>
    <subfield code="d">2019-10-23</subfield>
    <subfield code="l">0</subfield>
    <subfield code="o">HJ2305.F453</subfield>
    <subfield code="p">K/310/310/19</subfield>
    <subfield code="r">2021-12-21 00:00:00</subfield>
    <subfield code="t">4</subfield>
    <subfield code="w">2019-08-08</subfield>
    <subfield code="y">BK</subfield>
  </datafield>
</record>
